000 03115namaa2200457uu 4500
001 doab135747
003 oapen
005 20260218110502.0
006 m o d
007 cr|mn|---annan
008 240315s2024 xx |||||o ||| 0|eng d
020 _a9781003351641
020 _a9781003351641
020 _a9781032398419
020 _a9781032398433
020 _a9781040007310
024 7 _a10.4324/9781003351641
_2doi
040 _aoapen
_coapen
_d
041 0 _aeng
042 _adc
720 1 _aFedorchak, Viktoriya
_4aut
245 0 0 _aThe Russia-Ukraine War
_bTowards Resilient Fighting Power
260 _bTaylor & Francis
_c2024
300 _a1 online resource (265 p.)
336 _atext
_btxt
_2rdacontent
337 _acomputer
_bc
_2rdamedia
338 _aonline resource
_bcr
_2rdacarrier
490 1 _aRoutledge Advances in Defence Studies
506 0 _fUnrestricted online access
_2star
520 _aThis book provides a systematic analysis of the Russian-Ukraine war, using the concept of resilient fighting power to assess the operational performance of both sides during the first year of the full-scale invasion. The Russian war in Ukraine began in 2014 and continued for eight years, before the full-scale invasion of 24 February 2022. It is not a new war, but the intensity of the warfighting revived many discussions about the conduct of inter-state warfare, which has not been seen in Europe for decades. This book does not aim to offer an exhaustive operational analysis of the war, but rather provides a preliminary systematic analysis across various domains of warfare using the concept of fighting power to assess the operational performance of both sides. First, the book discusses the conceptual component and the post-Cold War adaptations of the Soviet strategic tradition by both the Ukrainian and the Russian Armed Forces. Following that, it gives an evaluation of the various aspects of warfighting in the land, air, maritime and cyber domains. Then, the book examines the role of international allied assistance, sanctions and weapons delivery in strengthening the resilience of the Ukrainian Armed Forces. The book concludes with some comments on the role of inter-state warfare in the current strategic environment and future warfare. This book will be of much interest to students of military and strategic studies, defence studies, foreign policy, Russian studies and international relations.
540 _aCreative Commons
_fhttps://creativecommons.org/licenses/by-nc-nd/4.0/
_2cc
_uhttps://creativecommons.org/licenses/by-nc-nd/4.0/
546 _aEnglish
650 7 _aGeneral and world history
_2bicssc
650 7 _aMilitary history
_2bicssc
650 7 _aPeace studies and conflict resolution
_2bicssc
650 7 _aPolitics and government
_2bicssc
650 7 _aWarfare and defence
_2bicssc
793 0 _aDOAB Library.
856 _uhttps://docs.google.com/spreadsheets/d/1yKIrdCPDAG_9c22mwoOIO2DOhtj65Wqa/edit?usp=sharing&ouid=106555315294820607512&rtpof=true&sd=true
_yList of Curated E-Books
942 _cE-BOOK
999 _c81718
_d81717